Eighth grade bites / (Record no. 4707)

MARC details
000 -LEADER
fixed length control field 01028nam a22002897a 4500
001 - CONTROL NUMBER
control field 4707
003 - CONTROL NUMBER IDENTIFIER
control field FISKH
005 - DATE AND TIME OF LATEST TRANSACTION
control field 20240923140332.0
008 - FIXED-LENGTH DATA ELEMENTS--GENERAL INFORMATION
fixed length control field 240923b cb ||||| |||| 00| 0 eng d
020 ## - INTERNATIONAL STANDARD BOOK NUMBER
International Standard Book Number 9780545115254
040 ## - CATALOGING SOURCE
Original cataloging agency FISKH
Language of cataloging eng
Transcribing agency FISKH
Modifying agency FISKH
050 ## - LIBRARY OF CONGRESS CALL NUMBER
Classification number PZ7.B75695
082 ## - DEWEY DECIMAL CLASSIFICATION NUMBER
Edition number 813.6
100 ## - MAIN ENTRY--PERSONAL NAME
Personal name Brewer, Z
Dates associated with a name 1973-
245 ## - TITLE STATEMENT
Title Eighth grade bites /
Statement of responsibility, etc. The chronicles of Valadimir Tod headther Brewer
250 ## - EDITION STATEMENT
Edition statement First printing in 2008
260 ## - PUBLICATION, DISTRIBUTION, ETC.
Place of publication, distribution, etc. New York :
Name of publisher, distributor, etc. Scholastic,
Date of publication, distribution, etc. 2008.
300 ## - PHYSICAL DESCRIPTION
Extent 182 pages :
Dimensions 20cm
505 ## - FORMATTED CONTENTS NOTE
Formatted contents note R<br/>
520 ## - SUMMARY, ETC.
Summary, etc. For thirteen years, Vlad, aided by his aunt and best friend, has kept secret that he is half-vampire, but when his missing teacher is replaced by a sinister substitute, he learns that there is more to being a vampire, and to his parents' deaths, than he could have guessed.
521 8# - TARGET AUDIENCE NOTE
Target audience note 780L<br/>
Source Lexile<br/>
521 8# - TARGET AUDIENCE NOTE
Target audience note R<br/>
Source Raz-Plus<br/>
650 ## - SUBJECT ADDED ENTRY--TOPICAL TERM
Source of heading or term Vampire
Topical term or geographic name entry element Paranormal
650 ## - SUBJECT ADDED ENTRY--TOPICAL TERM
Source of heading or term Fiction
Topical term or geographic name entry element Middle school
942 ## - ADDED ENTRY ELEMENTS (KOHA)
Source of classification or shelving scheme Dewey Decimal Classification
Koha item type Books
Suppress in OPAC No
Holdings
Withdrawn status Lost status Source of classification or shelving scheme Damaged status Not for loan Collection Home library Current library Shelving location Date acquired Total Checkouts Full call number Barcode Date last seen Copy number Price effective from Koha item type
    Dewey Decimal Classification     Fiction Footprints International School Library Network Toul Kork Campus Footprints International School Library Network Toul Kork Campus TTP Primary Orange Bookshelves 09/23/2024   BRE 813.6 PZ7.B75695 2024-2066 09/23/2024 1 09/23/2024 Books